Quizzes
Events
Quiz Creation
Community
Videos
Private Events
Remove Ads
Sign In
Join for FREE
Feedback
Dark Mode
Quiz Categories
Sports
Geography
Music
Movies
Television
Just For Fun
Miscellaneous
History
Literature
Language
Science
Gaming
Entertainment
Religion
Holiday
For Kids
Quiz Lab
Recent
Popular Today
Quiz Kudos Today
Editor Picks
Curator Picks
Quizzes by...
Day
Popularity
Type
Ratings
Length
Year
Community
Subscriptions
Recent Discussions
Orange Saloon
Badges
Playlists
Quests
Create
Leaderboards
Showdown
Live 5
Trivia Bingo
Activity
Puzzle Library
Sporcle Events
Private Events
Virtual Trivia
Globe League
Become a Host
Pub Owners
SporcleCon
Opinionation
Our Games
Videos
Blog
Mobile Apps
Partnerships
Remove Ads and Go Orange
Feedback
Movies
Disney
Marvel Cinematic Universe
Movie Resume
Movie Titles
Oscar
Actor
Actress
Director
Pixar
Role
Movie Quotes
Movie Characters
Box Office
Nominee
Best Picture
Star Wars
James Bond
Horror Movies
Movies
Disney
Marvel Cinematic Universe
Movie Resume
Movie Titles
Oscar
Actor
Actress
Director
Pixar
Role
Movie Quotes
Movie Characters
Box Office
Nominee
Best Picture
Star Wars
James Bond
Horror Movies
Random Quiz
Search Sporcle
×
Quiz Lab
Quiz Lab
Movies
Harry Potter
Type in answers that appear in a list
Type in answers that appear in a list
Classic
Best Score? Go Orange.
Mixed Harry Potter Movie Trivia Stats
Can you name the Can you answer the mixed Harry Potter Movie Trivia?
By
Chubbs00
6m
40 Questions
444 Plays
444 Plays
444 Plays
Comments
Comments
Give Quiz Kudos
Give Quiz Kudos
-
- Ratings
hide this ad
More Info
Forced Order
Answers have to be entered in order
Answers have to be entered in order
Random Order
Randomize order of answers
Randomize order of answers
Replay
Link that replays current quiz
Next Quiz
Link to next quiz in quiz playlist
You Got
0%
They Got
Avg Score
33%
Avg Friend Score
Upgrade to see
Score Distribution
Jump to the score distribution portion of the page
Score
0/40
Timer
06:00
0
Plays Today
Question
Answer
% Correct
When Harry finds Fleur being taken by roots in the maze during the Triwizard Tournament, what color shoots out of his wand when he sends up a warning signal?
Red
58.1%
What creature helps The Trio escape from Gringott's in The Deathly Hallows part 2
Dragon
57.7%
In Goblet of Fire, how old does Rita Skeeter keep saying Harry is?
12
57%
What female is being held captive in the Malfoy's basement with Harry and Ron?
Luna Lovegood
54.7%
When Harry first reaches Diagon Alley, what does Hagrid buy him?
An owl
53.4%
In the beginning of Goblet of Fire, what does the group use as a portkey?
Boot
52.7%
What color does Nymphadora Tonks' hair change after Moody calls her Nymphadora?
Red
49.1%
What term do they all use for 'making out'?
Snogging
49.1%
Where did Harry and Ginny hide the potions book of the Half Blood Prince?
In the Room of Requirement
48.6%
Who said it? 'Ten points if you get it through her stomach! Fifty points if it goes through her head!'
Moaning Myrtle
45.5%
Who gets blamed for ratting out Dumbledore's Army?
Cho Chang
45%
What saves Harry when he falls off the roof during the dragon scene in The Goblet of Fire?
His broom
43.7%
Who is the conductor of the Knight Bus in Prisoner of Azkaban?
Stan Shunpike
42.1%
In the beginning of The Half Blood Prince, what time does the waitress get off work?
11:00
40.8%
Who bites Bill Weasley to turn him into a werewolf?
Fenrir Greyback
39.4%
What does Harry accidentally say the first time he uses the floo network?
Diagonally
39%
What does Harry retrieve when Professor Mcgonagall discovers his talent to be a seeker?
Neville Longbottom's Remembrall
36.7%
What is the name of the potion Madam Pomfrey gives to Harry to regrow his arm?
Skele-Gro
36.7%
Who does Ron fall madly in love with after eating chocolates meant for Harry?
Romilda Vane
36%
After they flew the flying car into the Whomping Willow, what teacher scolds them first?
Professor Snape
36%
Question
Answer
% Correct
What drips on Harry's forehead right before he meets Slughorn for the first time?
Dragon's blood
35.1%
Who originally stole the real locket from the House of Black?
Mundungus Fletcher
35.1%
What female did Harry rescue from the Black Lake during the Triwizard Tournament?
Gabrielle Delacour
34.5%
In the cave where the locket is hidden, what creature pulls Harry into the water?
Inferi
30.2%
What potion does Harry make the best to win Felix Felicis?
Draught of Living Death
29.1%
Who does Harry 'polyjuice' himself into to sneak into the Minestry?
Albert Runcorn
28.6%
Name one of the two death eaters that attack the trio at the coffee shop in Deathly Hallows pt 1. (last name)
Dolohov
27.7%
After George loses an ear, Fred asks him how he's feeling. What was his reply?
Saintlike
27.5%
What was Dobby made to do after making the bludger chase Harry in Chamber of Secrets?
Iron his hands
27.3%
When serving detention with Professor Lockhart, how many hours have passed while they are asnwering fan mail?
four
26.8%
In the Shrieking Shack, who's wand does Harry use to jynx Porfessor Snape?
Hermione Granger
24.5%
How many times does Umbridge make Harry write 'I must not tell lies'?
Until it sinks in
20.3%
After Harry fights the Dementors from himself and Dudley, he sees Mrs. Figg. What is the first line she says to him?
Don't put away your wand Harry.
9.7%
Ron exclaims, 'I know you! You're Nearly Headless Nick.' What is Nick's reply?
I prefer Sir Nicholas if you don't mind
9.2%
What song do Harry and Hermione dance to in the tent, Deathly Hallows part 1?
O Children
8.6%
What is the name of the textbook Umbridge handed out to her D.A.D.A. students?
Defensive Magical Theory
8.1%
In the Three Broomsticks, what does Slughorn say to Hermione after spilling his drink on her?
All hands on deck Granger
7.7%
What did the sign outside the Lovegood's front door demand you do?
keep off the dirigible plums
7.7%
What happened to Oliver Wood during his first Quidditch game?
Took a bludger to the head
5.2%
Specifically, where was Sirius Black killed?
The Death Chamber
5%
Quiz Playlist
Details
Report
Send in Message
Add To Playlist
More Info:
Full names must be given for name answers unless noted.
Classic:
Type in answers that appear in a list
Forced Order:
Answers have to be entered in order
Random Order:
Randomize order of answers
Last Updated: Feb 16, 2017
Quiz Scoreboard
CHALLENGE
Sign Up to Join the Scoreboard
Show All
Scores
Hide
Comments
May contain spoilers
Recently Published
1-10 Letter E Words III
by El_Dandy
Language
2m
One Thing in Common: World Cities II
by knightlancer
Geography
7m
Popular People in 1961
by mucciniale
History
6m
More to Explore
Quiz From the Vault
Featured Blog Post
Where Did the Easter Bunny Come From?
hide this ad
You Might Also Like...
Tags
Harry Potter Quiz
Mixed
Today's Top Quizzes in Movies
Browse Movies
hide this ad
Today's Top Quizzes in Harry Potter
Browse Harry Potter
Top Contributed Quizzes in Movies
1
Multi-Oscar Nominations, One Movie, One Winner
2
12 Movies about Fictional 1960s Events
3
One Thing in Common: Movies
4
Three Word 'T' Movies Match Up
5
Sunday Crossword: Film Score Composers
6
One Thing in Common: Movies II
7
Three Word 'H' Movies Match Up
8
Three Word 'M' Movies Match Up
9
One Thing in Common: Oscars
10
Three Word 'P' Movies Match Up
Explore More
Trending Topics
Crossword
Disney
NBA
Anime
Harry Potter
Kpop
Marvel
NFL
Puzzle
Song
Country
Pokémon
The Office
WWE
Soccer
hide this ad
More By:
Chubbs00
Quiz
Plays
Rating
Category
Featured
Created
Random Goonies Trivia
810
3.83
Movies
Sep 27, 2012
Mixed Harry Potter Movie Trivia
444
3.00
Movies
Feb 12, 2013
Harry Potter Pre-Hogwarts
173
3.71
Movies
Sep 28, 2012
Phish Stuph
172
3.00
Music
Feb 27, 2012
Biff Tannen Quotes
134
3.00
Movies
Mar 31, 2014
Go to Creator's Profile
Score Distribution
Quiz Creator Spotlight
Chubbs00
Follow
Send a Message
Quizzes Created
-
Created Quiz Play Count
-
More By This Creator
Popular Quizzes Today
1
Find the US States - No Outlines Minefield
2
Find the Countries of Europe - No Outlines Minefield
3
The Countries of the World
4
Popular People in 1961
5
1-10 Letter E Words III
6
Find the US States
7
One Thing in Common: World Cities II
8
US States
More Movies Quizzes
Pirates of the Caribbean Characters
Published
Trending Quizzes
Risky Map Clicking: Least Populous States A-Z
1-10 Letter F Words
1-10 Letter G Words
One Thing in Common: United Kingdom
Risky Map Clicking: Next State Alphabetically
Recently Updated
Leaping Animals
pecheneg
Reality TV Shows (A-Z)
bhenderson79
Rickey Henderson's Hall of Fame Teammates
pecheneg
Champions League XIs: Arsenal
pecheneg
Quick Pick: Celebrities in WWE's Hall of Fame
aduchscher
A-Z Keypad Blitz II
pecheneg
Multiple Oscar Actors
pecheneg
Mystery Phrase Blitz: Oscar 'Best Actors'
pecheneg
F. Scott Fitzgerald Novels
LTH
Pick 3 Villains
ddd62291
Trending Topics
Harry Potter
Crossword
Marvel
Disney
Kpop
NBA
Anime
Soccer
Puzzle
Pokémon
WWE
Song
The Office
NFL
Country
Your Account Isn't Verified!
In order to create a playlist on Sporcle, you need to verify the email address you used during registration. Go to your
Sporcle Settings
to finish the process.
Report this User
Report this user for behavior that violates our
Community Guidelines
.
Details:
Send Report
Go to the Sporcle.com Mobile Site →
Comments